000 00290nam a22001337a 4500
008 180116b xxu||||| |||| 00| 0 eng d
020 _a0874847087
041 _aeng
080 _a316
100 _a50
101 _aSOC
245 _aWomen in american society
_cSapiro,V
942 _2udc
_cBK
999 _c40376
_d40376